Estadísticas para 5 países mas grandes de Europa

Haz click aquí para tomar la prueba!

Estadísticas generales

  • Esta prueba ha sido tomada 129 veces
  • La puntuación promedio es 5 de 5

Estadísticas de respuestas

Europa% Correcto
Rusia
100%
Ucrania
98%
Francia
97%
España
95%
Polonia
87%

Distribución de puntuación

Porcentaje por número respondido

Porcentaje de gente con cada puntuación

Historial de tus puntuaciones

No has tomado esta prueba